[Event "National Open"]
[Site "Las Vegas USA"]
[Date "2009.06.06"]
[Round "4"]
[White "Akobian,V"]
[Black "Kraai,J"]
[Result "1-0"]
[WhiteElo "2612"]
[BlackElo "2488"]

1.d4 Nf6 2.c4 e6 3.Nf3 b6 4.g3 Ba6 5.Qc2 c5 6.d5 exd5 7.cxd5 g6 8.Nc3 Bg7
9.Bg2 O-O 10.O-O d6 11.a4 Nbd7 12.h3 Re8 13.Re1 Rc8 14.e4 c4 15.Be3 Nc5 16.Nd4 Nd3
17.Nc6 Nxe1 18.Rxe1 Qc7 19.Nb5 Bxb5 20.axb5 Nd7 21.Ra1 a5 22.bxa6 Ne5 23.Nb4 c3
24.b3 Ra8 25.Bf1 f5 26.Bb5 Nf3+ 27.Kg2 Rxe4 28.Bc6 Ra7 29.Na2 Ne5 30.Nxc3 Rb4
31.Ra3 Nxc6 32.Na2 Rb5 33.Qxc6 Qxc6 34.dxc6 d5 35.c7 Rxc7 36.a7 Rxa7 37.Rxa7 d4
38.Bd2 Rxb3 39.Nb4 Rb2 40.Ra2 Rxa2 41.Nxa2 Kf7 42.Kf3 Ke6 43.Ke2 Kd5 44.Kd3  1-0

[Event "National Open"]
[Site "Las Vegas USA"]
[Date "2009.06.07"]
[Round "6"]
[White "Akobian,V"]
[Black "Fressinet,L"]
[Result "1-0"]
[WhiteElo "2612"]
[BlackElo "2664"]

1.d4 d5 2.c4 e6 3.Nc3 c6 4.e3 Nf6 5.Nf3 Nbd7 6.Qc2 Bd6 7.Bd3 O-O 8.O-O dxc4
9.Bxc4 b5 10.Be2 Bb7 11.Rd1 Qb8 12.e4 e5 13.dxe5 Nxe5 14.Nd4 Ng6 15.g3 Re8
16.Bg5 Be5 17.Nf5 Re6 18.f4 Bc7 19.Bf3 Bb6+ 20.Kg2 b4 21.Bxf6 Rxf6 22.Na4 c5
23.Rf1 Qe8 24.Rad1 Bc6 25.b3 Rd8 26.Rxd8 Qxd8 27.e5 Bxf3+ 28.Rxf3 Re6 29.Qe4 Qe8
30.Qd5 Ne7 31.Nxe7+ Qxe7 32.Nb2 g6 33.Nc4 Bc7 34.Qa8+ Qe8 35.Qxe8+ Rxe8 36.Rd3 Re6
37.Rd7 Rc6 38.Kf3 Kf8 39.Ke4 Ke8 40.Rd2 h5 41.h3 f6  1-0

[Event "World Open"]
[Site "Philadelphia USA"]
[Date "2009.07.04"]
[Round "6"]
[White "Ramirez,Alej"]
[Black "Akobian,V"]
[Result "1/2-1/2"]
[WhiteElo "2563"]
[BlackElo "2612"]

1.e4 e6 2.d4 d5 3.exd5 exd5 4.Nf3 Nf6 5.Bg5 Be7 6.Bd3 O-O 7.O-O Bg4 8.Nbd2 Nbd7
9.c3 c6 10.Qc2 Bh5 11.Rfe1 Bg6 12.Bxg6 hxg6 13.Qb3 Nb6 14.a4 Rb8 15.a5 Nc8
16.a6 b5 17.Qc2 Nd7 18.Bxe7 Nxe7 19.Nb3 Nf5 20.Ne5 Nxe5 21.Rxe5 Re8 22.Rae1  1/2-1/2

[Event "SPICE Cup A"]
[Site "Lubbuck USA"]
[Date "2009.09.23"]
[Round "5"]
[White "Akobian,V"]
[Black "Kuzubov,Y"]
[Result "1/2-1/2"]
[WhiteElo "2626"]
[BlackElo "2635"]

1.d4 Nf6 2.c4 e6 3.Nc3 Bb4 4.Qc2 c5 5.dxc5 Bxc5 6.Nf3 Qb6 7.e3 Qc7 8.b3 a6
9.Bb2 Be7 10.g4 h6 11.O-O-O b5 12.Nd4 Bb7 13.Rg1 bxc4 14.Bxc4 Nc6 15.Nxc6 Qxc6
16.Kb1 Rc8 17.Qe2 d5 18.Bd3 Bb4 19.Na4 Qd6 20.h4 Kf8 21.g5 hxg5 22.hxg5 Nd7
23.Rh1 Rxh1 24.Rxh1 e5 25.Bf5 Rd8 26.Qg4 Bc6 27.f4 Bxa4 28.fxe5 Qb6 29.e6 fxe6
30.Bxe6 Ke7 31.Bxd5 Nc5 32.Qd4 Qg6+ 33.Ka1 Rxd5 34.Qxd5 Bc6 35.Qe5+ Ne6 36.Rc1 Bd7
37.Qd5 Qxg5 38.Qxg5+ Nxg5 39.Bxg7 Ke6 40.Kb2 Bd6 41.Rg1 Ne4 42.Bd4 Bb5 43.a4 Bc6
44.Rg6+ Kd7 45.Rg7+ Be7 46.Kc2 Ke6 47.Kd3 Nd6 48.Bc5 Be4+ 49.Ke2 Bc2 50.e4 Bxe4
51.Rxe7+ Kxe7 52.Kd2 Kd7 53.Bxd6 Kxd6 54.Kc3 Kc5 55.b4+ Kb6 56.b5 axb5 57.axb5 Kxb5  1/2-1/2

[Event "World Cup"]
[Site "Khanty-Mansiysk RUS"]
[Date "2009.11.23"]
[Round "1.10"]
[White "Akobian,V"]
[Black "Tregubov,P"]
[Result "1-0"]
[WhiteElo "2624"]
[BlackElo "2642"]

1.d4 d5 2.c4 e6 3.Nf3 c6 4.Nbd2 f5 5.g3 Nf6 6.Bg2 Bd6 7.O-O O-O 8.Ne5 b6
9.Ndf3 Bb7 10.Bf4 Qe7 11.Rc1 Nbd7 12.cxd5 cxd5 13.Qa4 a6 14.Nc6 Bxc6 15.Qxc6 Bxf4
16.gxf4 Ne4 17.e3 Qd6 18.Qxd6 Nxd6 19.Rc6 Ne4 20.Rxe6 Rac8 21.Ne5 Rf6 22.Re7 Nxe5
23.Bxe4 fxe4 24.dxe5 Rg6+ 25.Kh1 Rc2 26.Rd7 Rxb2 27.Rxd5 Rc6 28.a4 g6 29.Kg2 Rb4
30.Rd4 Rxd4 31.exd4 Rc4 32.d5 Rxa4 33.d6 Rd4 34.Rc1 Kf7 35.Rc7+ Ke6 36.Re7+ Kf5
37.d7 a5 38.e6 a4 39.Re8 b5 40.e7  1-0

[Event "North American Open"]
[Site "Las Vegas USA"]
[Date "2009.12.26"]
[Round "1"]
[White "Akobian,V"]
[Black "Tanaka,C"]
[Result "1-0"]
[WhiteElo "2624"]
[BlackElo "2150"]

1.d4 Nf6 2.c4 g6 3.Nc3 Bg7 4.Nf3 O-O 5.Bg5 d6 6.e3 Nbd7 7.Be2 c6 8.Qc2 Qc7
9.O-O e5 10.Rfd1 Re8 11.Rac1 Nf8 12.b4 Ne6 13.Bxf6 Bxf6 14.Ne4 Be7 15.dxe5 dxe5
16.c5 f6 17.Bc4 Kg7 18.Bb3 Nd8 19.Nd6 Bxd6 20.cxd6 Qd7 21.a4 b6 22.h3 Bb7
23.a5 Nf7 24.Nd2 Red8 25.Nc4 c5 26.bxc5 bxc5 27.f3 Rac8 28.Rd2 Bc6 29.Rcd1 Bb5
30.Qa2 Rc6 31.Ba4 a6 32.Qb3 Rb8 33.Bxb5 axb5 34.Nb6 Rcxb6 35.axb6 Rxb6 36.Rd5 c4
37.Qb4 Nd8 38.Rb1 Nb7 39.Rxb5 Rxb5 40.Qxb5 Qxb5 41.Rxb5 Nxd6 42.Rb6 Nf5 43.Kf2 Ne7
44.Rb7 Kf7 45.Rc7 h5 46.Rxc4 Ke6 47.Ra4 g5 48.Ra6+ Kf7 49.g4 h4 50.Ke2 Nd5
51.Rd6  1-0

[Event "North American Open"]
[Site "Las Vegas USA"]
[Date "2009.12.29"]
[Round "6"]
[White "Akobian,V"]
[Black "Mikhalevski,V"]
[Result "1/2-1/2"]
[WhiteElo "2624"]
[BlackElo "2607"]

1.d4 Nf6 2.c4 g6 3.Nf3 Bg7 4.Nc3 d5 5.cxd5 Nxd5 6.e4 Nxc3 7.bxc3 c5 8.Be3 Qa5
9.Qd2 Nc6 10.Rc1 cxd4 11.cxd4 Qxd2+ 12.Kxd2 O-O 13.d5 Rd8 14.Ke1 Na5 15.Bg5 Bd7
16.Bd3 Rdc8 17.Ke2 e6 18.Rxc8+ Rxc8 19.Rc1 Rxc1 20.Bxc1 exd5 21.exd5 b5 22.Bf4 Nc4
23.Bxc4 bxc4 24.Be5 Bf8 25.Kd2 Bb4+ 26.Bc3 Bc5 27.Bd4 Bb4+ 28.Bc3 Bc5  1/2-1/2

[Event "Philadelphia Open"]
[Site "Philadelphia USA"]
[Date "2010.04.02"]
[Round "5"]
[White "Akobian,V"]
[Black "Getz,A"]
[Result "1-0"]
[WhiteElo "2610"]
[BlackElo "2239"]

1.d4 Nf6 2.c4 e6 3.Nf3 Bb4+ 4.Bd2 Qe7 5.g3 Nc6 6.Bg2 Bxd2+ 7.Nbxd2 d6 8.O-O a5
9.a3 a4 10.Nb1 Bd7 11.Nc3 O-O 12.Rc1 Rfc8 13.e3 Na5 14.Nd2 Qe8 15.Qc2 Rab8
16.Rfd1 h5 17.Bf1 h4 18.Nb5 d5 19.Nc3 g6 20.e4 hxg3 21.hxg3 c5 22.exd5 exd5
23.dxc5 Rxc5 24.cxd5 Kg7 25.Re1 Qh8 26.Nde4 Bf5 27.f3 Bxe4 28.fxe4 Ng4 29.e5 Qh5
30.e6 Rh8 31.Qg2 Nb3 32.Rcd1 fxe6 33.Rxe6 Qg5 34.Rde1 Rh2 35.Re7+ Kh6 36.Qf3 Rc8
37.Ne4 Qh5 38.Qf4+ g5 39.Qd6+ Qg6 40.Qxg6+ Kxg6 41.Re6+ Kg7 42.Nxg5 Rxb2
43.Bd3 Nf6 44.Re7+ Kg8 45.d6 Rc3 46.Re8+ Nxe8 47.d7  1-0

[Event "Philadelphia Open"]
[Site "Philadelphia USA"]
[Date "2010.04.03"]
[Round "7"]
[White "Akobian,V"]
[Black "Kleiman,J"]
[Result "1/2-1/2"]
[WhiteElo "2610"]
[BlackElo "2318"]

1.d4 Nf6 2.c4 e6 3.Nf3 Bb4+ 4.Nbd2 O-O 5.a3 Be7 6.e3 d5 7.b4 a5 8.b5 c5 9.Bb2 Nbd7
10.Bd3 cxd4 11.Bxd4 b6 12.cxd5 Nc5 13.Be2 Nxd5 14.O-O f6 15.Nb3 Na4 16.Bc4 Qe8
17.e4 Nc7 18.e5 f5 19.Nbd2 Nxb5 20.Qb3 Nc7 21.Rfc1 Bd7 22.Bf1 Nd5 23.Nc4  1/2-1/2

[Event "14th Chicago Open"]
[Site "Wheeling USA"]
[Date "2010.05.28"]
[Round "2"]
[White "Akobian,V"]
[Black "Kiewra,K"]
[Result "1-0"]
[WhiteElo "2599"]
[BlackElo "2311"]

1.d4 e6 2.c4 b6 3.e4 Bb7 4.Bd3 f5 5.exf5 Bxg2 6.Qh5+ g6 7.fxg6 Bg7 8.gxh7+ Kf8
9.Bg5 Nf6 10.Qh4 Bxh1 11.Ne2 c5 12.Nf4 Nc6 13.Nd2 Nxd4 14.O-O-O Bc6 15.Nh5 Nf5
16.Bxf5 exf5 17.Nxf6 Qe7 18.Nde4 fxe4 19.Nxd7+ Qxd7 20.Rxd7 Bxd7 21.Qf4+ Ke8
22.Qd6 Kf7 23.Qxd7+ Kg6 24.h4 Rae8 25.Be7 Bf6 26.h5+ Kf7 27.Bxc5+ Be7 28.Qf5+ Bf6
29.Bd4  1-0

[Event "14th Chicago Open"]
[Site "Wheeling USA"]
[Date "2010.05.31"]
[Round "8"]
[White "Akobian,V"]
[Black "Khachiyan,M"]
[Result "1-0"]
[WhiteElo "2599"]
[BlackElo "2539"]

1.d4 Nf6 2.c4 g6 3.Nc3 d5 4.cxd5 Nxd5 5.e4 Nxc3 6.bxc3 Bg7 7.Nf3 c5 8.Be3 Qa5
9.Qd2 Nc6 10.Rb1 a6 11.Rc1 cxd4 12.cxd4 Qxd2+ 13.Kxd2 O-O 14.d5 Ne5 15.Nxe5 Bxe5
16.f4 Bb8 17.e5 Rd8 18.Bd3 Bf5 19.Bxf5 gxf5 20.Ke2 Ba7 21.Rhd1 Bxe3 22.Kxe3 Rd7
23.Rd3 Rad8 24.Rcd1 Rc8 25.Kf3 Rc2 26.R1d2 Rxd2 27.Rxd2 Kf8 28.g4 fxg4+ 29.Kxg4 Ke8
30.Kg5 Rc7 31.Kh6 Rc4 32.Rf2 Rd4 33.Kxh7 Rxd5 34.h4 Rd1 35.f5 Re1 36.h5 Rxe5
37.Kg7 Re1 38.Rg2  1-0

[Event "National Open"]
[Site "Las Vegas USA"]
[Date "2010.06.13"]
[Round "6"]
[White "Gareev,T"]
[Black "Akobian,V"]
[Result "1-0"]
[WhiteElo "2599"]
[BlackElo "2599"]

1.d4 e6 2.c4 d5 3.Nc3 c5 4.cxd5 exd5 5.Nf3 Nc6 6.g3 Nf6 7.Bg2 Be7 8.O-O O-O
9.Bg5 c4 10.Ne5 Be6 11.b3 h6 12.Bf4 Qa5 13.Bd2 Bb4 14.Nxc6 bxc6 15.Qc2 Qa6
16.Nxd5 Nxd5 17.bxc4 Rfc8 18.cxd5 cxd5 19.Qd1 Ba3 20.e4 Rd8 21.Qh5 Qc4 22.Bc1 Bf8
23.Be3 Ba3 24.Bc1 Bf8 25.Be3 Ba3 26.Rab1 Rac8 27.Rb7 dxe4 28.Bxe4 a6 29.Bxh6 Qxd4
30.Bh7+ Kxh7 31.Be3+ Kg8 32.Bxd4 Rxd4 33.Qa5 Bc5 34.Rc7 Rxc7 35.Qxc7 Rc4
36.Qd8+ Kh7 37.Qd3+ g6 38.Re1 Rd4 39.Qxa6 Rd2 40.Rxe6 fxe6 41.Qxe6 Rxf2 42.Kh1 Rc2
43.a4 Rc1+ 44.Kg2 Rc2+ 45.Kf3 Rxh2 46.Qf7+ Kh6 47.Qf4+  1-0

[Event "111th US Open"]
[Site "Irvine USA"]
[Date "2010.08.05"]
[Round "?"]
[White "Akobian,V"]
[Black "Aaron,D"]
[Result "1-0"]
[WhiteElo "2619"]
[BlackElo "2144"]

1.d4 d5 2.c4 c6 3.Nc3 Nf6 4.e3 a6 5.Nf3 b5 6.c5 Nbd7 7.b4 a5 8.Qb3 e5 9.Nxe5 Nxe5
10.dxe5 Ng4 11.Nxb5 Nxe5 12.Bb2 Nc4 13.Nd4 Qc7 14.Bxc4 dxc4 15.Qxc4 Ba6 16.Qc2 Be7
17.Qe4 O-O 18.Nf5 Rfe8 19.Nxg7 Bxc5 20.Nxe8  1-0

[Event "111th US Open"]
[Site "Irvine USA"]
[Date "2010.08.07"]
[Round "8"]
[White "Akobian,V"]
[Black "Cornejo,M"]
[Result "1-0"]
[WhiteElo "2619"]
[BlackElo "2409"]

1.d4 d5 2.c4 e6 3.Nc3 c6 4.e3 Bd6 5.Bd3 Nf6 6.Nf3 Nbd7 7.O-O e5 8.cxd5 cxd5
9.e4 dxe4 10.Nxe4 Nxe4 11.Bxe4 exd4 12.Qxd4 Qf6 13.Qd5 h6 14.Rd1 Be7 15.Be3 O-O
16.Rac1 Nb6 17.Qb5 Bd6 18.a4 Bf4 19.a5 Bxe3 20.fxe3 Qe6 21.Qe5 Nc4 22.Qxe6 Bxe6
23.Bxb7 Rad8 24.Rxd8 Rxd8 25.b4 Nxe3 26.Ne5 Rd2 27.Bf3 Rb2 28.Nc6 a6 29.h3 g6
30.Rc5 Bc4 31.Ne5 Be2 32.Rc8+ Kg7 33.Rc7 Kf6 34.Nxf7 Bxf3 35.gxf3 Nd5 36.Rc5 Nf4
37.Nxh6 Rb1+ 38.Kh2 Rb2+ 39.Kg1 Rb1+ 40.Kh2 Rb2+ 41.Kg3 Ne2+ 42.Kh4 Nd4 43.Ng4+ Ke7
44.Rc7+ Kd8 45.Rf7 Rxb4 46.Kg5 Ne6+ 47.Kf6 Nf4 48.Ne5 Kc8 49.Nxg6 Nd5+ 50.Kg5 Ra4
51.Rf5 Ne3 52.Re5 Nc4 53.Rc5+ Kb7 54.h4 Nxa5 55.h5 Nb3 56.Rf5 Nd4 57.Rf7+ Kb6
58.h6 Ne6+ 59.Kf6 Nf4  1-0

[Event "USCL"]
[Site "ICC INT"]
[Date "2010.10.04"]
[Round "7"]
[White "Kretchetov,A"]
[Black "Akobian,V"]
[Result "0-1"]
[WhiteElo "2391"]
[BlackElo "2619"]

1.Nf3 Nf6 2.c4 e6 3.Nc3 Bb4 4.Qc2 c5 5.a3 Ba5 6.b4 cxb4 7.Nb5 O-O 8.axb4 Bxb4
9.Rxa7 Rxa7 10.Nxa7 Qa5 11.Nb5 d5 12.Nbd4 Bd7 13.cxd5 Rc8 14.Qb2 Qc7 15.Nb3 Ba4
16.Nfd4 e5 17.Qa1 b5  0-1

[Event "USCL KO"]
[Site "ICC"]
[Date "2010.11.03"]
[Round "1"]
[White "Altounian,L"]
[Black "Akobian,V"]
[Result "1/2-1/2"]
[WhiteElo "2432"]
[BlackElo "2618"]

1.e4 c5 2.c3 Nf6 3.e5 Nd5 4.Nf3 Nc6 5.d4 cxd4 6.cxd4 d6 7.Bc4 e6 8.O-O Be7
9.exd6 Qxd6 10.Nc3 O-O 11.Re1 Rd8 12.Bb3 a6 13.Nxd5 exd5 14.Ne5 Nxe5 15.dxe5 Qb6
16.Qd3 Be6 17.Qg3 d4 18.Bh6 Bf8 19.Bg5 Rd7 20.Rad1 Bxb3 21.axb3 Re8 22.Rd3 f6
23.Bd2 Rde7 24.f4 fxe5 25.fxe5 Re6 26.h3 Qc5 27.Bf4 Qd5 28.Rf3 Bd6 29.Qg4 Bxe5
30.Bxe5 Rxe5 31.Rxe5 Qxe5 32.Qd7 Qe1+ 33.Kh2 Qe5+ 34.Kg1 Qe1+ 35.Kh2 Qe5+
36.Kg1  1/2-1/2

[Event "North American Open"]
[Site "Las Vegas USA"]
[Date "2010.12.28"]
[Round "5"]
[White "Ris,R"]
[Black "Akobian,V"]
[Result "1/2-1/2"]
[WhiteElo "2423"]
[BlackElo "2618"]

1.d4 Nf6 2.c4 e6 3.g3 d5 4.Nf3 c5 5.cxd5 exd5 6.Bg2 Nc6 7.O-O Be7 8.Nc3 O-O
9.Bg5 c4 10.Ne5 Be6 11.b3 h6 12.Bxf6 Bxf6 13.Nxc6 bxc6 14.bxc4 dxc4 15.e3 Rc8
16.Qc2 Qa5 17.Rfc1 Rfd8  1/2-1/2

[Event "Gibraltar Masters"]
[Site "Caleta ENG"]
[Date "2011.01.25"]
[Round "1.17"]
[White "Karim,I"]
[Black "Akobian,V"]
[Result "0-1"]
[WhiteElo "2375"]
[BlackElo "2618"]

1.e4 e6 2.d4 d5 3.Nc3 Nf6 4.Bg5 Be7 5.e5 Nfd7 6.Bxe7 Qxe7 7.Qd2 a6 8.Nd1 c5
9.c3 Nc6 10.f4 f5 11.Nf3 b5 12.Nf2 O-O 13.Be2 Rb8 14.O-O a5 15.Kh1 Ba6 16.g4 Nb6
17.dxc5 Nc4 18.Bxc4 dxc4 19.gxf5 Bb7 20.Ne4 Nxe5 21.fxe5 Bxe4 22.f6 gxf6
23.Rae1 Bd5 24.Kg1 Rb7 25.Qf2 Kh8 26.Qh4 Qxc5+ 27.Qd4 Qxd4+  0-1

[Event "Gibraltar Masters"]
[Site "Caleta ENG"]
[Date "2011.01.26"]
[Round "2.15"]
[White "Akobian,V"]
[Black "Soffer,R"]
[Result "1-0"]
[WhiteElo "2618"]
[BlackElo "2489"]

1.d4 e6 2.c4 f5 3.Nf3 Nf6 4.g3 c6 5.Bg2 d5 6.O-O Bd6 7.b3 Qe7 8.Bb2 O-O 9.Ne5 a5
10.Nd2 a4 11.Qc2 a3 12.Bc3 b5 13.c5 Bxe5 14.dxe5 Ne4 15.b4 Ra4 16.Nb3 Nxc3
17.Qxc3 Na6 18.Nd4 Nxb4 19.Rfb1 Na6 20.Nxc6 Qc7 21.Nd4 Rc4 22.Qd2 Qxe5 23.Nxb5 f4
24.Nxa3 Rd4 25.Qe1 fxg3 26.hxg3 Nxc5 27.Nb5 Rg4 28.Bf3 Ra4 29.Rc1 d4 30.Qd1 Bd7
31.Rab1 Rxa2 32.Qxd4 Qxd4 33.Nxd4 Ra5 34.Rb6 Kf7 35.Bc6 Bxc6 36.Nxc6 Ra6
37.Ne5+ Ke7 38.Rb5 Ne4 39.Rb7+ Kd6 40.Nf7+ Rxf7 41.Rxf7 Ra2 42.Rd1+ Kc6 43.Re7 Nc5
44.Kf1  1-0

[Event "Gibraltar Masters"]
[Site "Caleta ENG"]
[Date "2011.01.27"]
[Round "3.8"]
[White "Korchnoi,V"]
[Black "Akobian,V"]
[Result "1/2-1/2"]
[WhiteElo "2544"]
[BlackElo "2618"]

1.d4 e6 2.c4 d5 3.Nc3 Nf6 4.Bg5 Be7 5.e3 O-O 6.Rc1 h6 7.Bh4 Ne4 8.Bg3 c5
9.cxd5 Nxc3 10.bxc3 cxd4 11.exd4 Qxd5 12.Nf3 Nc6 13.Bd3 e5 14.O-O exd4 15.cxd4 Bg4
16.Bc4 Bxf3 17.Bxd5 Bxd1 18.Rfxd1 Rac8 19.Kf1 Rfd8 20.Bf3 Bd6 21.Rc4 Bxg3
22.hxg3 Rd6 23.d5 Ne7 24.Rdc1 Rxc4 25.Rxc4 Kf8 26.Rc7 b6 27.Rxa7 Nxd5 28.g4 g6
29.g3 Nc3 30.Ra3 Nb1 31.Ra8+ Kg7 32.Kg2 Rd2 33.Ra7 Nc3 34.a4 Nd1  1/2-1/2

[Event "Gibraltar Masters"]
[Site "Caleta ENG"]
[Date "2011.01.28"]
[Round "4.10"]
[White "Akobian,V"]
[Black "Krush,I"]
[Result "1/2-1/2"]
[WhiteElo "2618"]
[BlackElo "2483"]

1.d4 Nf6 2.c4 e6 3.Nf3 d5 4.Nc3 Bb4 5.Qb3 c5 6.dxc5 Nc6 7.Bg5 h6 8.Bxf6 Qxf6
9.e3 dxc4 10.Qxc4 Qe7 11.O-O-O Qxc5 12.Qxc5 Bxc5 13.Bb5 Bd7 14.Kb1 O-O-O
15.Ne4 Be7 16.Rc1 Kb8 17.Rhd1 f6 18.Nh4 Ne5 19.Bxd7 Rxd7 20.f4 Rxd1 21.Rxd1 Nc6
22.Ng6 Re8 23.Ng3 Kc7 24.Nh5 Rg8 25.g4 Bd6 26.h3 Ne7 27.Nxe7 Bxe7 28.f5 exf5
29.gxf5 g5 30.Rd4 Rd8 31.Re4 Kd7 32.Re6 Rf8 33.e4 Bd8 34.Kc2 Re8 35.Nxf6+ Bxf6
36.Rxf6 Rxe4 37.Rxh6 Rf4 38.f6 Ke6 39.Rh7 Rb4 40.f7 Ke7 41.Kc3 Rb6 42.a4 a5
43.b3 Rc6+ 44.Kb2 b6 45.Rg7 Rc5 46.Rg6 b5 47.Rf6 Kf8 48.axb5 Rxb5 49.Ka3 Rd5
50.Rf3 Rb5 51.Rf2 Re5 52.Rf6 Re3 53.Rf5 Rxh3 54.Rxg5 Kxf7 55.Rxa5 Ke6 56.Rc5 Kd6
57.Rc1 Rh8 58.b4 Rb8 59.Ka4 Ra8+ 60.Kb3 Rb8 61.Rc4 Kd5 62.Rc5+ Kd6 63.Kc4 Rb7
64.Rc8 Kd7 65.Rc5 Kd6 66.Rh5 Rb8 67.Rb5 Rc8+ 68.Kb3 Rc1 69.Kb2 Kc6 70.Kxc1 Kxb5
71.Kd2 Kxb4  1/2-1/2

[Event "Gibraltar Masters"]
[Site "Caleta ENG"]
[Date "2011.01.29"]
[Round "5.11"]
[White "Kanep,M"]
[Black "Akobian,V"]
[Result "0-1"]
[WhiteElo "2531"]
[BlackElo "2618"]

1.d4 e6 2.c4 Nf6 3.Nf3 d5 4.Nc3 Be7 5.Bg5 O-O 6.e3 h6 7.Bxf6 Bxf6 8.Qc2 c6
9.h4 g6 10.O-O-O Nd7 11.e4 Bg7 12.h5 g5 13.Kb1 g4 14.Nh2 c5 15.dxc5 d4 16.Nb5 Nxc5
17.e5 Bxe5 18.Nxg4 Bg7 19.f4 e5 20.Nxe5 Qf6 21.Nd3 Bf5 22.g4 Be4 23.Rg1 a6
24.Na3 b5 25.g5 hxg5 26.Rxg5 Rfc8 27.Qh2 Kf8 28.Ka1 Ne6 29.Re5 Bh7 30.h6 Bh8
31.Bg2 bxc4 32.Bxa8 cxd3 33.Bb7 Rc2 34.Qg1 Nxf4 35.Ree1 Qb6 36.Nc4 Rxc4 37.Qg5 Qc7
38.Bxa6 Rc5 39.Qg1 Bg6 40.a3 Bf6 41.Rf1 Rc2 42.Qh1 d2 43.h7 Bxh7 44.Qxh7 d3
45.Bxd3 Rxb2 46.Qh6+ Bg7  0-1

[Event "Gibraltar Masters"]
[Site "Caleta ENG"]
[Date "2011.02.03"]
[Round "10.21"]
[White "Akobian,V"]
[Black "Nezad,H"]
[Result "1-0"]
[WhiteElo "2618"]
[BlackElo "2420"]

1.d4 d5 2.c4 e6 3.Nf3 c6 4.e3 Bd6 5.Bd3 f5 6.O-O Nf6 7.b3 Qe7 8.a4 a5 9.Ba3 Bxa3
10.Nxa3 O-O 11.Qb1 b6 12.Rc1 Na6 13.Ne5 Nb4 14.cxd5 cxd5 15.Nc6 Nxc6 16.Rxc6 Rb8
17.Qc2 Bd7 18.Rc7 Rbc8 19.Nb5 Rxc7 20.Nxc7 Ne4 21.Rc1 Qa3 22.Bb5 Qe7 23.Bxd7 Qxd7
24.f3 Nd6 25.Qc6 Qe7 26.Qxb6 Rc8 27.Rc5 Qg5 28.f4 Qh4 29.h3 Qe7 30.Nb5  1-0

[Event "ch-USA GpA"]
[Site "Saint Louis USA"]
[Date "2011.04.15"]
[Round "1"]
[White "Akobian,V"]
[Black "Robson,R"]
[Result "1/2-1/2"]
[WhiteElo "2611"]
[BlackElo "2522"]

1.d4 Nf6 2.c4 e6 3.Nf3 d5 4.Nc3 c6 5.Bg5 h6 6.Bh4 dxc4 7.e4 g5 8.Bg3 b5 9.Be2 Bg7
10.Ne5 Nbd7 11.O-O Bb7 12.Qc2 O-O 13.Rad1 Qe7 14.h4 Rad8 15.hxg5 hxg5 16.Rfe1 a6
17.Qc1 b4 18.Qxg5 bxc3 19.bxc3 Nd5 20.Qc1 N5b6 21.Nxc4 Nxc4 22.Bxc4 Nb6 23.Bb3 c5
24.Qe3 Rc8 25.Be5 Qh4 26.Bg3 Qe7 27.Bf4 cxd4 28.cxd4 Nc4 29.Qg3 Qf6 30.Rd3 Qg6
31.Qh4 Bxe4 32.Rg3 Qh7 33.Qg5 Bf5 34.Bxc4 f6 35.Bxe6+ Bxe6 36.Qxg7+ Qxg7
37.Rxg7+ Kxg7 38.Rxe6 Rc4 39.Rxa6 Rxd4 40.g3 Rdd8 41.Rb6 Rd1+ 42.Kg2 Ra8
43.Rb2 Ra1 44.Be3 R1xa2 45.Rxa2 Rxa2 46.Kf3  1/2-1/2

[Event "ch-USA GpA"]
[Site "Saint Louis USA"]
[Date "2011.04.16"]
[Round "2"]
[White "Kamsky,G"]
[Black "Akobian,V"]
[Result "1-0"]
[WhiteElo "2733"]
[BlackElo "2611"]

1.e4 e6 2.d4 d5 3.Nc3 Nf6 4.e5 Nfd7 5.f4 c5 6.Nf3 Nc6 7.Be3 Qb6 8.Qd2 Qxb2
9.Rb1 Qa3 10.Bb5 Qa5 11.O-O c4 12.f5 Nb6 13.Qe1 exf5 14.a4 Be6 15.Bd2 Bb4
16.Rxb4 Qxb4 17.Ne4 Qb2 18.Nd6+ Kf8 19.Bc3 Qxc2 20.Nxb7 Nxa4 21.Bb4+ Kg8
22.Bxc6 Rc8 23.Rf2 Qb3 24.Na5 Rxc6 25.Nxc6 h6 26.Ne7+ Kh7 27.Ng5+ hxg5 28.Rf3 g6
29.Rxb3 cxb3 30.Ba3 Rb8 31.Qg3 g4 32.Qh4+ Kg7 33.Qf6+ Kh7 34.Bc1  1-0

[Event "ch-USA GpA"]
[Site "Saint Louis USA"]
[Date "2011.04.17"]
[Round "3"]
[White "Akobian,V"]
[Black "Stripunsky,A"]
[Result "1-0"]
[WhiteElo "2611"]
[BlackElo "2578"]

1.d4 Nf6 2.c4 Nc6 3.Nf3 e6 4.a3 d5 5.Nc3 a6 6.cxd5 exd5 7.Bg5 Be7 8.e3 Nh5
9.Bxe7 Nxe7 10.Bd3 Nf6 11.Qc2 g6 12.Ne5 Bf5 13.Bxf5 Nxf5 14.Qb3 Rb8 15.g4 Ne7
16.O-O-O Qd6 17.f4 b5 18.g5 Nh5 19.Na4 O-O 20.Nc5 Rfd8 21.Kb1 a5 22.Rc1 a4
23.Qb4 Nf5 24.Rc3 Nhg7 25.Rhc1 Ne8 26.Rd3 Rb6 27.Qa5 Qe7 28.Qb4 Ned6 29.Re1 Nc4
30.Ka2 Qd6 31.Re2 Kg7 32.Qc3 Kg8 33.Ka1 Ne7 34.e4 Nc6 35.Nxc6 Qxc6 36.Qb4 dxe4
37.Nxe4 Kg7 38.d5 Rxd5 39.Qc3+ f6 40.Nxf6  1-0

[Event "ch-USA GpA"]
[Site "Saint Louis USA"]
[Date "2011.04.18"]
[Round "4"]
[White "Naroditsky,D"]
[Black "Akobian,V"]
[Result "1/2-1/2"]
[WhiteElo "2438"]
[BlackElo "2611"]

1.e4 e6 2.d4 d5 3.Nd2 Nf6 4.e5 Nfd7 5.Bd3 c5 6.c3 Nc6 7.Ne2 cxd4 8.cxd4 f6
9.exf6 Nxf6 10.Nf3 Qc7 11.O-O Bd6 12.Bg5 O-O 13.Rc1 Bd7 14.a3 h6 15.Bh4 Be8
16.Nc3 Bh5 17.Nb5 Qb8 18.Nxd6 Qxd6 19.Bg3 Qd8 20.Qe1 Bxf3 21.Qxe6+ Kh8 22.gxf3 Nxd4
23.Qe3 Nc6 24.Rfe1 Qd7 25.Qe6 Qxe6 26.Rxe6 Nh5 27.Rd6 Rad8 28.Rxd8 Rxd8 29.b4 Nxg3
30.fxg3 Kg8  1/2-1/2

[Event "ch-USA GpA"]
[Site "Saint Louis USA"]
[Date "2011.04.20"]
[Round "6"]
[White "Ivanov,AV USA"]
[Black "Akobian,V"]
[Result "1-0"]
[WhiteElo "2540"]
[BlackElo "2611"]

1.e4 e6 2.d4 d5 3.Nd2 Nf6 4.e5 Nfd7 5.c3 c5 6.f4 Nc6 7.Ndf3 Qb6 8.a3 Be7
9.h4 cxd4 10.cxd4 Na5 11.g3 Nb3 12.Rb1 Nxc1 13.Qxc1 Qd8 14.Bd3 Nb6 15.Ne2 Bd7
16.b3 Rc8 17.Qb2 O-O 18.O-O Na8 19.Ra1 Qb6 20.a4 Nc7 21.Qb1 h6 22.g4 Na6
23.g5 Nb4 24.gxh6 gxh6 25.Kh1 Kh8 26.a5 Qd8 27.f5 Rg8 28.f6 Bf8 29.Bh7 Bb5
30.Bxg8 Bd3 31.Qd1 Kxg8 32.Rg1+ Kh8 33.Nf4 Be4 34.Rg3 Rc3 35.Rc1 Nc2 36.Kh2 Ba3
37.Ng5 hxg5 38.Rxc3 Bxc1 39.Qxc1 gxf4 40.Qg1  1-0

[Event "ch-USA GpA"]
[Site "Saint Louis USA"]
[Date "2011.04.21"]
[Round "7"]
[White "Akobian,V"]
[Black "Ehlvest,J"]
[Result "1/2-1/2"]
[WhiteElo "2611"]
[BlackElo "2586"]

1.d4 Nf6 2.c4 g6 3.Nc3 Bg7 4.Nf3 O-O 5.Bg5 c5 6.e3 cxd4 7.exd4 d5 8.Rc1 Ne4
9.Be3 Nxc3 10.bxc3 Nc6 11.Be2 dxc4 12.Bxc4 b6 13.O-O Bb7 14.Be2 e6 15.Qd2 Ne7
16.Bg5 Rc8 17.Rfd1 Qd6 18.a4 Nf5 19.a5 b5 20.Bf4 Qd5 21.a6 Ba8 22.Rb1 Bc6
23.Rb2 Rfd8 24.Rdb1 e5 25.Bxe5 Bxe5 26.dxe5 Qc5 27.Qe1 Rb8 28.h3 Rb6 29.e6 fxe6
30.Rb4 e5 31.Ng5 Qe7 32.Ne4 Rdb8 33.Bd3 Kg7 34.Qe2 Rxa6 35.Bxb5 Bxb5 36.Rxb5 Rxb5
37.Rxb5 Rc6 38.Rd5 Rc7 39.Qd3 h6 40.g3 Qe6 41.h4 Ne7 42.Rd6 Qc4 43.Qf3 Nf5
44.h5 Nxd6 45.Qf6+ Kg8 46.Nxd6 Qc6 47.hxg6 Rd7 48.Qe6+ Kf8 49.Qf5+ Kg8 50.Qe6+ Kf8
51.Qf6+ Kg8 52.Qe6+  1/2-1/2

[Event "US Chess League 2011"]
[Site "ICC INT"]
[Date "2011.08.31"]
[Round "1"]
[White "Akobian,V"]
[Black "Gurevich,D"]
[Result "1/2-1/2"]
[WhiteElo "2610"]
[BlackElo "2480"]

1.d4 d5 2.c4 e6 3.Nc3 Be7 4.Nf3 Nf6 5.Bg5 h6 6.Bh4 O-O 7.e3 b6 8.Bd3 Bb7
9.O-O Nbd7 10.Qe2 c5 11.Rfd1 Ne4 12.Bg3 cxd4 13.exd4 Nxc3 14.bxc3 Nf6 15.Ne5 Rc8
16.Rac1 dxc4 17.Bxc4 Nd5 18.Qd3 Bg5 19.Rc2 Nf4 20.Bxf4 Bxf4 21.Re1 Qh4 22.h3 Qg5
23.g3 Rxc4 24.Qxc4 Qf5 25.Rce2 Bxe5 26.Rxe5 Qxh3 27.d5 Bxd5 28.Rxd5 exd5
29.Qxd5 Qc8 30.Re7 Qxc3 31.Rxa7 Qe1+ 32.Kg2 Qe6 33.Qxe6 fxe6 34.Rb7 Ra8 35.Rxb6 Rxa2  1/2-1/2

[Event "American Open G/60"]
[Site "Orange USA"]
[Date "2011.11.25"]
[Round "1"]
[White "Adelberg,D"]
[Black "Akobian,V"]
[Result "0-1"]
[WhiteElo "2242"]
[BlackElo "2612"]

1.d4 d6 2.c4 e5 3.dxe5 dxe5 4.Qxd8+ Kxd8 5.Nc3 Be6 6.Nf3 f6 7.e4 Nd7 8.Be3 Bc5
9.Bxc5 Nxc5 10.O-O-O+ Kc8 11.b4 Nd7 12.Kb2 a5 13.a3 Ne7 14.Nd5 Re8 15.c5 c6
16.Nc3 Kc7 17.Nd2 axb4 18.axb4 b6 19.cxb6+ Nxb6 20.Nb3 Nd7 21.Be2 Reb8 22.b5 Bxb3
23.Kxb3 Nc5+ 24.Kc4 Na4 25.Nxa4 Rxa4+ 26.Kc5 Ra2 27.Bc4 Rc2 28.Rb1 Nc8 29.Rhc1 Rxb5+
30.Rxb5 Rxc1 31.Rb2 Nd6 32.Rb4 Nxe4+  0-1

[Event "American Open G/60"]
[Site "Orange USA"]
[Date "2011.11.25"]
[Round "4"]
[White "Akobian,V"]
[Black "Landaw,J"]
[Result "1-0"]
[WhiteElo "2612"]
[BlackElo "2307"]

1.d4 Nf6 2.c4 e6 3.Nf3 d5 4.Nc3 c6 5.e3 Bd6 6.Bd3 Nbd7 7.Qc2 O-O 8.O-O dxc4
9.Bxc4 b5 10.Be2 Bb7 11.Rd1 Qc7 12.e4 e5 13.Bg5 exd4 14.Rxd4 Rfe8 15.Rad1 Re6
16.Qd2 Ne8 17.Bxb5 Ne5 18.Nxe5 Bxe5 19.Rd7 Rd6 20.Rxc7 Rxd2 21.Rxd2 Nxc7
22.Bc4 Ba6 23.Bxa6 Nxa6 24.Be3 f5 25.exf5 Nc7 26.g4 a5 27.Na4 Nd5 28.Nb6 Nxb6
29.Bxb6 a4 30.b3 axb3 31.axb3 Rb8 32.Bd8  1-0

[Event "47th American Open"]
[Site "Orange USA"]
[Date "2011.11.26"]
[Round "6"]
[White "Akobian,V"]
[Black "Peters,Ja"]
[Result "1-0"]
[WhiteElo "2612"]
[BlackElo "2360"]

1.d4 Nf6 2.c4 e6 3.Nf3 b6 4.g3 Bb7 5.Bg2 Be7 6.O-O O-O 7.Nc3 Ne4 8.Bd2 f5
9.Qc2 Nxc3 10.Bxc3 d6 11.d5 e5 12.c5 Bxd5 13.cxd6 cxd6 14.Rad1 Bxf3 15.Bxf3 e4
16.Bg2 Nd7 17.g4 Rc8 18.gxf5 Rxf5 19.Qxe4 Rg5 20.f4 Rg6 21.Kh1 Kh8 22.Bh3 Rc5
23.Qf3 Nf6 24.e4 Qa8 25.Bf5 Rh6 26.e5 Qxf3+ 27.Rxf3 Nd5 28.Bd4 Rc4 29.b3 Rc7
30.exd6 Bxd6 31.Be5 Bxe5 32.fxe5 Ne7 33.Rd8+ Ng8 34.Be4 Rg6 35.Bxg6  1-0